Statistics for 2011 NBA Playoffs

Click here to take the quiz!

General Stats

  • This quiz has been taken 524 times
  • The average score is 13 of 16

Answers on the Map

Answers color-coded by a green-red scale on the quiz's map according to % correct below.
 

Answer Stats

Team% Correct
Miami Heat
98%
Dallas Mavericks
97%
Los Angeles Lakers
97%
Boston Celtics
93%
San Antonio Spurs
91%
Oklahoma City Thunder
86%
Chicago Bulls
82%
New York Knicks
77%
Indiana Pacers
76%
New Orleans Hornets
74%
Atlanta Hawks
73%
Denver Nuggets
72%
Orlando Magic
72%
Memphis Grizzlies
70%
Philadelphia 76ers
70%
Portland Trailblazers
70%

Score Distribution

Percentile by Number Answered

Percent of People with Each Score

Your Score History

You have not taken this quiz